Propuesta de plan de marketing para la empresa Soluciones Tecnológicas Integrales y Logísticas S.A. SOTIL S.A ubicada en el municipio de Managua

El presente estudio tuvo como objetivo la realización de un plan de marketing en la empresa Soluciones Tecnológicas Integrales y Logísticas (SOTIL, S.A) el eje fundamental de la investigación lo constituye el desarrollo de estrategias de marketing para la comercialización de los servicios d...

Full description

Bibliographic Details
Main Authors: Espinoza Ortega, Francis Indira, Ocampo López, Ivette Denisse, Palacios Guido, Bryan José
Other Authors: Tutor: Gómez Jaime, Dora Isabel
Format: Tesis Section = Libro
Language:Undetermined
Spanish
Published: Managua UNI 2020
Subjects:
LEADER 01348nam a2200289Ia 4500
008 240830s9999 xx 000 0 und d
040 |a BIBLIOTECA-RUPAP Mon 658.835 E77 
041 |a spa 
082 |a Mon 658.835 E77 
100 1 |a Espinoza Ortega, Francis Indira 
100 1 |b  Ocampo López, Ivette Denisse 
100 1 |c Palacios Guido, Bryan José 
245 1 0 |a Propuesta de plan de marketing para la empresa Soluciones Tecnológicas Integrales y Logísticas S.A. SOTIL S.A ubicada en el municipio de Managua 
260 |a Managua  |b UNI  |c 2020 
300 |a 81 p.:il. 
500 |a Contiene: anexos y CD. 
502 |a Tesis (Ingeniero de Sistemas)- UNI, 2020. 
520 3 |a El presente estudio tuvo como objetivo la realización de un plan de marketing en la empresa Soluciones Tecnológicas Integrales y Logísticas (SOTIL, S.A) el eje fundamental de la investigación lo constituye el desarrollo de estrategias de marketing para la comercialización de los servicios de seguridad electrónica e infraestructura de red que ofrece la empresa. 
650 7 |a MERCADEO 
650 7 |b ESTRATEGIA ADMINISTRATIVA 
650 7 |c ESTRATEGIA DE COMUNICACIÓN 
650 7 |d PLANEACION ORGANIZACIONAL 
650 7 |e PROMOCION DE VENTAS 
700 1 |a Tutor:  |b Gómez Jaime, Dora Isabel 
942 |c BK  |2 ddc 
991 |a TESIS 
999 |c 17684